书目信息 |
| 题名: |
“生命”之水
|
|
| 作者: | 穆哈切夫 著 ;罗宁 译 | |
| 分册: | ||
| 出版信息: | 北京 科学出版社 1982 |
|
| 页数: | 133页 | |
| 开本: | 19cm | |
| 丛书名: | ||
| 单 册: | ||
| 中图分类: | Q58 | |
| 科图分类: | ||
| 主题词: | 生物-水 , 水-生物 | |
| 电子资源: | ||
| ISBN: | ||
| 000 | 00656nam0 2200253 45 | |
| 001 | 0182005467 | |
| 005 | 20060811143737.28 | |
| 010 | @dCNY0.60 | |
| 091 | @a13031.1878 | |
| 100 | @a19950425d1982 em y0chiy0121 ea | |
| 101 | 1 | @achi@crus |
| 102 | @aCN@b110000 | |
| 105 | @ay z 000yy | |
| 200 | 10 | @a“生命”之水@Asheng ming zhi shui@f(苏)穆哈切夫著@g罗宁译 |
| 210 | @a北京@c科学出版社@d1982 | |
| 215 | @a133页@d19cm | |
| 606 | @a生物-水 | |
| 606 | @a水-生物 | |
| 690 | @aQ58@v3 | |
| 701 | 1 | @a穆哈切夫@Amu ha qie fu@4著 |
| 702 | 0 | @a罗宁@Aluo ning@4译 |
| 801 | 0 | @aCN@bTSSF@c20060811 |
| 801 | 2 | @aCN@bNLC@c20060802 |
| 905 | @a10447@dQ58@e108 | |
| “生命”之水/(苏)穆哈切夫著/罗宁译.-北京:科学出版社,1982 |
| 133页;19cm |
| ISBN :CNY0.60 |
| ● |
| 相关链接 |
|
|
|
|
正题名:"生命"之水
索取号:Q58/108
 
预约/预借
| 序号 | 登录号 | 条形码 | 馆藏地/架位号 | 状态 | 备注 |
| 1 | 0439549 | 204395494 | 密集书库/ [索取号:Q58/108] | 在馆 | |
| 2 | 0439550 | 204395500 | 密集书库/ [索取号:Q58/108] | 在馆 | |
| 3 | 0451949 | 204519495 | 密集书库/ [索取号:Q58/108] | 在馆 | |
| 4 | 0452221 | 204522212 | 密集书库/ [索取号:Q58/108] | 在馆 |